000 00964nas a2200301 4500
001 BR2015002592
003 BR-BrBNA
005 20231205125246.0
007 ta
008 230509b bl.|||p| |||| 00| 00por d
040 _aBR-BrBNA
_bpor
_cBiblioteca Nacional de Agricultura
041 _a(Pt)
072 _aF04; P35
100 1 _aSimões Neto, D.E.
100 1 _aOliveira, A.C. de
100 1 _aFreire, F.J.
100 1 _aFreire, M.B.G. dos S.
100 1 _aOliveira, e.C.A. de
100 1 _aRocha, A.T. da
245 1 _aAdubação fosfatada para cana-de-açúcar em solos representativos para o cultivo da espécie no Nordeste brasileiro
650 _aCANA DE AÇÚCAR
650 _aADUBAÇÃO
650 _aFÓSFORO
650 _aFERTILIDADE DO SOLO
773 0 _tPesquisa Agropecuária Brasileira (Brazil)
_xISSN 0100-204X
_g(Jan 2015), v. 50(1) p. 73-81
_wBR2015002592
909 _a202311
_bLúcia
_c55
_dLúcia Elande
942 _2AGRIS
_n0
_cANA
999 _c243488
_d243488